00666nam a2200229Ia 4500003000900000008004100009040001300050040001300063041000800076100001800084245003100102250001100133260001200144260000900156300001100165300001000176490002200186490000600208942000700214999001700221952019800238IT-RoPAU120407s9999 xx 000 0 und d aIT-RoPAU cIT-RoPAU aita aMario Pomilio aIl Natale del 1833 .8a ed. aMilano aRusconi c1983 a140 p. c22 cm aNarrativa Rusconi v1 cBK c25574d25574 00102ddc406850_30000000000000071aPAULUSbPAULUSd2012-04-11l0o850.3r2012-04-11 00:00:00w2012-04-11yBKzInserito da: Mario In data: 19 settembre 2011 fondo: Via A.Severo 56 Progr:13494